| 000 -CABECERA |
| Longitud fija campo de control |
00868nam a22002534i 4500 |
| 001 - NÚMERO DE CONTROL |
| Número de control |
.b75176750 |
| 003 - IDENTIFICADOR DEL NÚMERO DE CONTROL |
| Identificador del número de control |
OSt |
| 005 - FECHA Y HORA DE LA ÚLTIMA TRANSACCIÓN |
| Fecha y hora de la última transacción |
20230330183848.0 |
| 008 - CÓDIGOS DE INFORMACIÓN DE LONGITUD FIJA |
| Códigos de información de longitud fija |
210325s2020 spc||||| |||||000 0bspa|c |
| 017 ## - NÚMERO DE COPYRIGHT O DE DEPÓSITO LEGAL |
| Número de copyright o de depósito legal |
DL B 21777-2020 |
| Agencia que asigna el número |
Oficina DL Barcelona |
| 040 ## - FUENTE DE LA CATALOGACIÓN |
| Centro catalogador de origen |
ES-BaUB |
| Lengua de catalogación |
cat |
| Normas de descripción |
rda |
| Centro transcriptor |
CDMR |
| 041 0# - CÓDIGO DE LENGUA |
| Código de lengua del texto/banda sonora o título independiente |
cat |
| -- |
spa |
| 245 00 - MENCIÓN DE TÍTULO |
| Título |
Wifredo Espina : |
| Resto del título |
70 anys de periodisme : |
| -- |
vist per 30 autors / |
| Mención de responsabilidad, etc. |
Josep Maria, Yolanda, Wifredo i Blanca Espina-Pahí (eds) |
| 250 ## - MENCIÓN DE EDICIÓN |
| Mención de edición |
2a edició |
| 264 #1 - PRODUCCIÓN, PUBLICACIÓN , DISTRIBUCIÓN, FABRICACIÓN Y COPYRIGHT |
| Lugar de producción, publicación, distribución, fabricación |
Moià : |
| Nombre del productor, editor, distribuidor, fabricante |
Ister Gràfiques, |
| Fecha de de producción, publicación, distribución, fabricación o copyright |
2022 |
| 300 ## - DESCRIPCIÓN FÍSICA |
| Extensión |
158 pàgines ; |
| Dimensiones |
21 cm |
| 546 ## - NOTA DE LENGUA |
| Nota de lengua |
Textos en català i castellà |
| 600 14 - PUNTO DE ACCESO ADICIONAL DE MATERIA - NOMBRE DE PERSONA |
| Nombre de persona |
Espina, Wifred, |
| Fechas asociadas al nombre |
1930- |
| 650 #0 - PUNTO DE ACCESO ADICIONAL DE MATERIA - TÉRMINO DE MATERIA |
| Término de materia o nombre geográfico como elemento inicial |
Periodistes catalans |
| Subdivisión de materia general |
Biografies |
| Fuente del encabezamiento o término |
lemac |
| 9 (RLIN) |
3139 |
| 700 1# - PUNTO DE ACCESO ADICIONAL - NOMBRE DE PERSONA |
| Nombre de persona |
Espina-Pahí, Josep Maria |
| 9 (RLIN) |
429 |
| 907 ## - ELEMENTO G DATOS LOCALES, GDL (RLIN) |
| a |
.b75176750 |
| b |
09-04-21 |
| c |
25-03-21 |
| d |
25-03-21 |
| e |
m |
| f |
a |
| g |
- |
| h |
mul |
| i |
spc |
| j |
0 |
| k |
0 |
| 940 ## - |
| T&íacute;tulo uniforme |
<a href="UB">UB</a> |
| 942 ## - ENTRADA DE ELEMENTOS AGREGADOS (KOHA) |
| Fuente de clasificaión o esquema |
|
| Koha [por defecto] tipo de item |
Monografies |